000 01463nam a2200241 a 4500
008 120416s1980 ||||||||||||||||| || u
020 _a0901462063
050 _aTA 890 Moo
100 _aMarshall, R. I
245 1 0 _aModern steel making methods
260 _aLondon
_bThe Institute of Metallurgists
_c1980
300 _a121p. : ill.
350 _a0.00
650 _aMETAL
650 _aMETALLURGY
700 _aMoore, C
995 _aTEXTBOOKS (MIN.ENG.)
_D0.00
_e3836
_FCBU-SCHOOL TEXTBOOK COLLECTIONS
_H1
_I0.00
_jSCHOOL TEXTBOOK
_M3
_UAVAILABLE
_WJul 20, 2009
_y3836
_ZMain Library Open Access Collection
995 _aTEXTBOOKS (MIN.ENG.)
_D0.00
_e3837
_FCBU-SCHOOL TEXTBOOK COLLECTIONS
_H1
_I0.00
_jSCHOOL TEXTBOOK
_M4
_UAVAILABLE
_WJul 20, 2009
_y3837
_ZMain Library Open Access Collection
995 _aTEXTBOOKS (MIN.ENG.)
_D0.00
_e3839
_FCBU-SCHOOL TEXTBOOK COLLECTIONS
_H1
_I0.00
_jSCHOOL TEXTBOOK
_M6
_UAVAILABLE
_WJul 20, 2009
_y3839
_ZMain Library Open Access Collection
995 _aMAIN LIBRARY OPEN ACCESS
_D0.00
_e713597
_FCBU-MAIN LIBRARY (Kitwe)
_H1
_I2.50
_jTA 890 Moo
_UAVAILABLE
_y014002
_ZMain Library Open Access Collection
995 _aTEXTBOOKS (MIN.ENG.)
_D0.00
_e3838
_FCBU-SCHOOL TEXTBOOK COLLECTIONS
_H1
_I0.00
_jSCHOOL TEXTBOOK
_M5
_UAVAILABLE
_WJul 20, 2009
_y3838
_ZMain Library Open Access Collection
995 _aTEXTBOOKS (MIN.ENG.)
_D0.00
_e3835
_FCBU-SCHOOL TEXTBOOK COLLECTIONS
_H1
_I0.00
_jSCHOOL TEXTBOOK
_M2
_UAVAILABLE
_WJul 20, 2009
_y3835
_ZSchool Collections
999 _c77612
_d77612